The Strokes Lyrics - New York City Cops - Statistics

General Stats
  • This quiz has been taken 27 times
    21 since last reset
  • The average score is 234 of 288
Answer Stats
Lyrics % Correct
a
100%
ain't
100%
City
100%
cops,
100%
cops
100%
I
100%
me
100%
me,
100%
New
100%
no,
100%
no
100%
oh,
100%
oh
100%
smart
100%
York
100%
ah!
92%
go
92%
go,
92%
it
92%
It
92%
mean
92%
said,
92%
she
92%
She
92%
the
92%
The
92%
they
92%
to
92%
too
92%
all
85%
But
85%
but
85%
but,
85%
didn't
85%
easy,
85%
got
85%
in
85%
just
85%
let
85%
now"
85%
now
85%
that
85%
"Time
85%
time
85%
an
77%
at
77%
bedroom,
77%
'cause
77%
leavin'
77%
leaving,
77%
meant,
77%
one
77%
saying
77%
so
77%
stop
77%
Stop
77%
won't
77%
you
77%
can't
69%
day
69%
every
69%
her
69%
I'm
69%
kill
69%
leave
69%
life
69%
like
69%
meaning
69%
night
69%
night,
69%
not
69%
of
69%
streets
69%
this
69%
was
69%
act
62%
and
62%
And
62%
down
62%
dress
62%
Even
62%
gonna
62%
Nina's
62%
only
62%
Romans,
62%
rules
62%
slow
62%
Studied
62%
swear
62%
though
62%
town
62%
Turks
62%
work
62%
Yes,
62%
between
54%
bottom
54%
clean
54%
come
54%
f***ing
54%
Haha,
54%
Here
54%
hours,
54%
letter,
54%
Ooh,
54%
ooh,
54%
ooh
54%
prime,
54%
Some
54%
somewhere
54%
strange
54%
Well,
54%
wrote
54%
your
54%
apartment,
46%
break
46%
get
46%
mechanized
46%
summertime
46%
them
46%
Trapped
46%
want
46%
would
46%
heart
38%
part
38%
ran
38%
Rise
38%
see
38%
darling,
23%
Ow!
23%
seen,
23%
authorities
15%
hey
15%
they've
15%
No matching quizzes found
Score Distribution
Percent of People with Each Score
Percentile by Number Answered
Your Score History
You have not taken this quiz since the last reset